000 00683nam a2200289Ia 4500
005 20260324124303.0
008 008 260324s9999 xx 000 0 eng d
020 _a9781315665078
037 _aEBOOK
040 _aCRL
040 _beng
040 _cCRL
041 _2eng
041 _aeng
084 _qCRL
100 _aFrancis Hodge; Michael McLain
_91173574
245 0 _aPlay Directing
245 0 _bAnalysis, Communication, and Style
260 _bTaylor and Francis
260 _c2010
365 _a
365 _b265
856 _uhttp://www.taylorfrancis.com/books/9781315665078
942 _cEBOOK
999 _c1767823
_d1767823